Escape The Backrooms Level 1 - Trivia Quiz - Statistics

General Stats
  • This quiz has been taken 12 times
  • The average score is 6 of 10
Answer Stats
Question Answer % Correct
How many Parts does Level 1 Have? 4
100%
What Object do you use to move to the different floors? An Elevator
91%
What is the full name of this level? The Habitable Zone
91%
Name a level you can leave to from this level. Level 0, Level 2, The Hub
82%
What color is the door to the cars? Red
73%
What entities can appear throughout the Level? Skin Stealers, Smilers
64%
What has the colors for the elevator code on the first floor? Cars
45%
What does the Hint on the first floor say? (About Skin Stealers) Check Everyone’s ID Don’t Trust Them!
36%
What Items can spawn? Flashlights, Almond Water
36%
What does the Hint on the fourth floor say? Stay in the Light
27%
No matching quizzes found
Score Distribution
Percent of People with Each Score
Percentile by Number Answered
Your Score History
You have not taken this quiz